Plánování a řízení výrobního programu ve firmě
Plánovacie postupy a systémy vo firme Škoda Auto, a.s. Tri základné oblasti plánovacích aktivít: dlhodobé a strednodobé (zaisťuje oblasť centrálnej logistiky) a krátkodobé (zaisťuje závodová logistika).
Enregistré dans:
| Auteur principal: | |
|---|---|
| Format: | Chapitre de livre |
| Langue: | tchèque |
| Sujets: | |
| Tags: |
Pas de tags, Soyez le premier à ajouter un tag!
|
MARC
| LEADER | 00000naa a2200000 4500 | ||
|---|---|---|---|
| 001 | r042501 | ||
| 005 | 20231003123259.4 | ||
| 041 | 0 | |a cze | |
| 044 | |a CZ | ||
| 245 | 1 | 0 | |a Plánování a řízení výrobního programu ve firmě |c Tomáš Mečíř |
| 520 | |a Plánovacie postupy a systémy vo firme Škoda Auto, a.s. Tri základné oblasti plánovacích aktivít: dlhodobé a strednodobé (zaisťuje oblasť centrálnej logistiky) a krátkodobé (zaisťuje závodová logistika). | ||
| 610 | 2 | 0 | |a plánovanie výroby |
| 610 | 2 | 0 | |a riadenie výroby |
| 610 | 2 | 0 | |a programy výrobné |
| 610 | 2 | 0 | |a firmy |
| 610 | 2 | 0 | |a logistika |
| 610 | 2 | 0 | |a reťazce logistické |
| 610 | 2 | 0 | |a Škoda Auto |
| 100 | 1 | |a Mečíř, Tomáš | |